000 00730nam a2200217Ia 4500
003 GCL
008 140319s9999 xx 000 0 ara d
040 _aGCL /
_cGCL
082 0 4 _a810.8036
_bك ص
100 1 _aكشاجم, ابو الفتح محمود بن شاهك
245 1 0 _aالصقر والصيد عند العرب /
_cكشاجم, ابو الفتح محمود بن شاهك
260 _a[S.N] :
_bشركة كاظم للنشر والترجمة والتوزيع ،
_c1985
300 _a104 ص
490 _a
650 0 4 _aالشعر العربى
650 0 4 _aالادب العربى
650 0 4 _aالصقور
650 0 4 _aالطيور الجارحة
650 0 4 _aالصيد بالصقور
942 _2ddc
_cBK
999 _c27853
_d27853